000
00280nam a22001337a 4500
999
_c
160935
_d
160935
020
_a
082
_a
_b
100
_a
Saroj Mishra
245
_a
Nirgun kaviyon ki sagun vichardhara/
_c
by Saroj Mishra.
260
_a
_b
_c
2009.
300
_a
650
_a
942
_c
BK